LIBRARY ONLINE CATALOGUE

Lords of the equator : (Record no. 13239)

MARC details
000 -LEADER
fixed length control field 00629nam a22002052 4500
001 - CONTROL NUMBER
control field 0000009709
005 - DATE AND TIME OF LATEST TRANSACTION
control field 20151217155842.0
008 - FIXED-LENGTH DATA ELEMENTS--GENERAL INFORMATION
fixed length control field 081119s xx 000 0 eng d
040 ## - CATALOGING SOURCE
Original cataloging agency KABU
Transcribing agency KABU
100 1# - MAIN ENTRY--PERSONAL NAME
Personal name Balfour, Patrick.
-- 0000161460
245 10 - TITLE STATEMENT
Title Lords of the equator :
Remainder of title an African journey /
Statement of responsibility, etc. Patrick Balfour.
250 ## - EDITION STATEMENT
Edition statement 1st ed.
260 ## - PUBLICATION, DISTRIBUTION, ETC. (IMPRINT)
Place of publication, distribution, etc. London :
Name of publisher, distributor, etc. Hutchinson,
Date of publication, distribution, etc. 1939.
300 ## - PHYSICAL DESCRIPTION
Extent 282 p.
651 #0 - SUBJECT ADDED ENTRY--GEOGRAPHIC NAME
Geographic name German
Geographic subdivision Africa.
-- 0000161461
651 #0 - SUBJECT ADDED ENTRY--GEOGRAPHIC NAME
Geographic name Africa, Central
General subdivision Description and travel.
-- 0000148674
852 1# - LOCATION
-- p200 KES
908 ## - PUT COMMAND PARAMETER (RLIN)
Put command parameter 081119
950 ## - LOCAL HOLDINGS (RLIN)
-- 1
Holdings
Withdrawn status Lost status Source of classification or shelving scheme Not for loan Home library Current library Date acquired Total Checkouts Full call number Barcode Date last seen Price effective from Koha item type
    Library of Congress Classification   Kabarak, Main Campus Kabarak, Main Campus 17/12/2015   DT351 .B35 c. 1 15566 17/12/2015 17/12/2015 Africana Collection